• 首页
  • 本馆介绍
  • 公告通知
  • 最新文献
  • 馆藏检索
  • 电子资源
  • 读者导购
  • 参考咨询
  • 我的图书馆
  • 登录
  • 详细信息显示
  • 放入我的书架
  • 预约/预借图书
  • 作者相关作品
  • 分类相关作品
  • 丛书相关作品
  • 出版社相关作品

书目信息

  • 表格格式
  • 工作单格式
  • 卡片格式
题名:
混沌保密通信理论及其在电视制导系统中的应用
    
 
作者: 潘勃 著
分册:  
出版信息: 北京   电子工业出版社  2021.1
页数: 197页
开本: 24cm
丛书名:
单 册:
中图分类: TN918.7 , V448
科图分类:
主题词: 混沌--保密通信--通信理论--应用--电视制导--研究
电子资源:
ISBN: 978-7-121-38397-7
000 01253nam0 2200265 45
001 012001001777
005 20140912131441.0
010    @a978-7-121-38397-7@dCNY88.00
100    @a20210224d2021 em y0chiy50 ea
101 0  @achi
102    @aCN@b110000
105    @aa z 000yy
106    @ar
200 1  @a混沌保密通信理论及其在电视制导系统中的应用@b专著@dResearch on chaotic secure communication theory for TV command guided system@f潘勃著@zeng@Ahun dun bao mi tong xin li lun ji qi zai dian shi zhi dao xi tong zhong de ying yong
210    @a北京@c电子工业出版社@d2021.1
215    @a197页@c图@d24cm
300    @a并列题名:Research on chaotic secure communication theory for TV command guided system
330    @a本书分为理论基础研究、关键技术研究、计算机模拟仿真研究三部分,具体内容包括:绪论,混沌的基础理论,混沌伪随机序列发生器的构造,控制指令加密认证技术研究,基于混沌理论的图像加密技术,混沌跳频序列构造及混沌差分跳频系统等。
510 1  @aResearch on chaotic secure communication theory for TV command guided system@zeng
606 0  @a混沌@x保密通信@x通信理论@x应用@x电视制导@x研究
690    @aTN918.7@v5
690    @aV448@v5
701  0 @a潘勃@4著@Apan bo
801  0 @aCN@bBJSDL@c20211011
905    @b1337174-7@dTN918.7@e249@f4
    
    混沌保密通信理论及其在电视制导系统中的应用=Research on chaotic secure communication theory for TV command guided system/潘勃著.-北京:电子工业出版社,2021.1
    197页:图;24cm
    并列题名:Research on chaotic secure communication theory for TV command guided system
    
    ISBN 978-7-121-38397-7:CNY88.00
    本书分为理论基础研究、关键技术研究、计算机模拟仿真研究三部分,具体内容包括:绪论,混沌的基础理论,混沌伪随机序列发生器的构造,控制指令加密认证技术研究,基于混沌理论的图像加密技术,混沌跳频序列构造及混沌差分跳频系统等。
●
相关链接 在E读中查询图书 在五车中查询图书 在当当中查询图书 在豆瓣中查询图书


正题名:混沌保密通信理论及其在电视制导系统中的应用     索取号:TN918.7/249         预约/预借

序号 登录号 条形码 馆藏地/架位号 状态 备注
1 1337174   213371741   第二样本阅览室/ [索取号:TN918.7/249] 在馆    
2 1337175   213371750   第三借阅区/ [索取号:TN918.7/249] 在馆    
3 1337176   213371769   第三借阅区/ [索取号:TN918.7/249] 在馆    
4 1337177   213371778   第三借阅区/ [索取号:TN918.7/249] 在馆    
唐山师范学院图书馆 欢迎您!
大连网信软件有限公司© 版权所有